000 00481nam a22001337a 4500
005 20241106083732.0
008 241106b |||||||| |||| 00| 0 eng d
100 _aDoest, Jasper.
_eauthor.
_963668
245 _aLopé national park gabon :
_bbig eater, small menu /
_cJasper Doest.
260 _aWashington,
_bNational Geographic Partners, LLC.,
_cDecember 2022.
300 _aVolume 241, pages 54-55,
_billustration.
700 _aDoest, Jasper.
_eauthor.
_963667
942 _2ddc
_cPER
999 _c23028
_d23028